| 000 | 00914 a2200217 4500 | ||
|---|---|---|---|
| 003 | Nust | ||
| 005 | 20221214115036.0 | ||
| 010 | _a 73007050 | ||
| 020 | _a0470557362 | ||
| 040 | _cNust | ||
| 082 | 0 | 0 | _a621.3822,LYN |
| 100 | 1 |
_aLynn, Paul A. _953487 |
|
| 245 | 1 | 3 |
_aAn introduction to the analysis and processing of signals / _cPaul A. Lynn. |
| 250 | _a3rd ed. | ||
| 260 |
_aNew York, _bWiley _c[1973] |
||
| 300 |
_ax, 222 p. _billus. _c24 cm. |
||
| 505 | _aIntroduction (Page-1), Periodic Signals (Page-7), A Periodic Signals (Page-30), Sampled Data Signals (Page-57), Random Signals (Page-73), Signals Comparison (Page-112),Signal and Systems (Page-123), Modulation and Sampling (Page-158), Filters (Page-173), Signal Recovery, Detection and Prediction (Page-217), Postscript (Page-248). | ||
| 650 | 0 |
_aDigital filters (Mathematics) _997892 |
|
| 650 | 0 | _aTelecommunication Engineering | |
| 942 |
_2ddc _cBK |
||
| 999 |
_c182788 _d182788 |
||